000 00619cam a2200241ua 4500
001 6963
008 141127n ii |||gr||||Z||||||asm
020 _a9789381667316
040 _cMAIN
041 _aasm
082 _a954
100 _aBora, Minakshi,
_eAuthor.
245 _aBharatiya itihashat mohila
_cBy Minakshi Bora
250 _a1st.
260 _aGuwahati:
_bArun prakashan,
_c2014.
300 _a192p.
653 _aSouth Asia India
653 _aIndian women
700 _aKonwar, Ajit,
_eAuthor.
700 _aBuragohain, Dipamjyoti,
_eAuthor.
700 _aNath, Bhrigumoni,
_eAuthor.
942 _cBK
999 _c6105
_d6105